Statistiken für Deutsche Flüsse A-Z

Klicken Sie hier um das Quiz zu spielen!

Allgemein

  • Dieses Quiz wurde 205 mal gespielt
  • Das Durchschnittsergebnis liegt bei 15 aus 24

Antwortstatistiken

BundesländerHinweisFluss% Korrekt
DBW, BayernFluss, welcher durch Wien und Budapest ins Schwarze Meer fließtDonau
97%
ESachsen, Sachen-Anhalt, Brandenburg, Niedersachsen, HamburgFluss der durch Dresden, Magdeburg und Hamburg in die Nordsee fließtElbe
95%
RBW, Hessen, RP, NRWFluss durch Straßburg, Köln, Duisburg etc., mündet in Rotterdam in die NordseeRhein
94%
MBayern, BW, HessenFluss durch Frankfurt, Würzburg, mündet in Wiesbaden in den #RMain
91%
IBayernNebenfluss der #D durch München und LandshutIsar
90%
NBW, HessenFluss durch Stuttgart, Heilbronn und Heidelberg, mündet in Mannheim in den #RNeckar
90%
WHessen, Niedersachen, NRW, BremenFluss durch Minden und Bremen, mündet in Bremerhaven in die NordseeWeser
90%
OBrandenburg, MVGrenzfluss mit Polen, fließt durch Schlesien und mündet in Stettin in die OstseeOder
88%
FHessen, NiedersachsenFluss, der mit der Werra zur #W wird, Namensgeber einer "Barockstadt" in HessenFulda
87%
ANRW, RPFluss durch die Eifel, bekannt für Weinanbau und eine Flutkatastrophe 2021Ahr
84%
HMV, Brandenburg, Berlin, Sachsen-AnhaltNebenfluss der #E, Heimat von Herrn Ribbeck zu RibbeckHavel
82%
SSachsen, Brandenburg, BerlinFluss, welcher einem Wald mit bekannten Gewürzgurken den Namen gegeben hatSpree
82%
GThüringenFluss durch Erfurt, fließt nicht durch die gleichnamige Stadt in ThüringenGera
80%
CSachsenFluss, welcher einer Großstadt in Sachsen ihren Namen gibtChemnitz
77%
LNRW, Hessen, RPFluss, der durch Marburg, Gießen, Wetzlar fließt und südlich von Koblenz in den #R mündetLahn
70%
TBW, BayernSüdlicher Nebenfluss des #M durch Rothenburg (ob der #T) und (#T)bischofsheimTauber
70%
PBayernFränkischer Fluss durch Nürnberg und Fürth, mündet in die RegnitzPegnitz
47%
UThüringen, Sachsen-AnhaltNebenfluss der Saale, fließt durch Mühlhausen und Sömmerda und mündet in Naumburg, WeinbaugebietUnstrut
38%
KBaden-WürttembergNebenfluss der #N, fließt durch Aalen und Schwäbisch HallKocher
24%
BNRWFluss durchs Sauerland (u.a. Olpe, Attendorn), gleichnamiger StauseeBigge
23%
VNordrhein-WestfalenNebenfluss der Ruhr durch HagenVolme
14%
QRheinland-PfalzFluss durch die Südpfalz durch Landau, mündet in Germersheim in den #RQueich
12%
ZBayernFluss durch Bayern-Schwaben, mündet bei (#D)wörth in die #DZusam
7%
JSachsen-Anhalt, NiedersachsenNebenfluss der #E in der Altmark und dem Wendland, fließt durch SalzwedelJeetze
6%

Verteilung der Resultate

Perzentil nach korrekt beantworteten Fragen

Anzahl Personen mit jedem Resultat

Ihre Resultats-Entwicklung

Sie haben dieses Quiz noch nicht gespielt